| 000 | 00610nam a22002057a 4500 | ||
|---|---|---|---|
| 999 |
_c480384 _d480384 |
||
| 003 | ASAB | ||
| 005 | 20180917050023.0 | ||
| 008 | 161213t xxu||||| |||| 00| 0 eng d | ||
| 038 | _aASAB | ||
| 040 | _cASAB | ||
| 082 | _a660.6 | ||
| 100 |
_aBrian Robert Schmaefsky _912328 |
||
| 245 |
_abiotechnology 101 _cBrian Robert Shmaefsky. |
||
| 260 |
_aWestport, Conn. : _bGreenwood Press, _c2006. |
||
| 300 |
_axiv, 251 p. : _bill. ; _c25 cm. |
||
| 490 |
_aScience 101, _x1931-3950 |
||
| 504 | _aIncludes bibliographical references (p. [235]-245) and index. | ||
| 650 |
_aBiotechnology. _92447 |
||
| 942 |
_2ddc _cBK |
||